Teoría de los principios teológicos: materiales para una teología fundamental
Sábháilte in:
| Príomhchruthaitheoir: | |
|---|---|
| Formáid: | LEABHAR |
| Teanga: | Spáinnis |
| Foilsithe / Cruthaithe: |
Barcelona
Herder
1985
|
| Sraith: | Biblioteca Herder. Sección de teología y filosofía, 178
|
| Ábhair: | |
| Clibeanna: |
Cuir clib leis
Níl clibeanna ann, Bí ar an gcéad duine le clib a chur leis an taifead seo!
|
MARC
| LEADER | 00000nam a2200000 a 4500 | ||
|---|---|---|---|
| 001 | UCW9338 | ||
| 003 | CL-VaPUC | ||
| 008 | 890328e19850000SP |||||||||||||||||spa|d | ||
| 082 | 0 | 4 | |a 239 |b RAT |2 21 |
| 100 | |a Ratzinger, Joseph |e autor |9 314573 | ||
| 245 | 1 | 0 | |a Teoría de los principios teológicos: materiales para una teología fundamental |
| 300 | |a 476 p | ||
| 942 | |c BK | ||
| 945 | |d 19890328 00:00:00 |a aalvarez | ||
| 260 | |a Barcelona |b Herder |c 1985 | ||
| 600 | 0 | |a Iglesia católica |9 255129 | |
| 650 | 0 | |a Teología |9 258766 | |
| 650 | 0 | |a Apologética |x Siglo 20 |9 314574 | |
| 650 | 7 | |a OBRAS POLEMICAS |2 CL-VaPUC |9 314575 | |
| 583 | |a last modification |c 19890328 00:00:00 |k Rodrigo Vera | ||
| 490 | 0 | |a Biblioteca Herder. Sección de teología y filosofía, 178 | |
| 999 | |c 221342 |d 221340 | ||
| 952 | |0 0 |1 0 |4 0 |6 239_000000000000000_RAT_1985 |7 0 |8 A |9 214540 |a BIBTEO |b BIBTEO |d 2019-11-15 |i 283135K |o 239 RAT 1985 |p 283135K |r 2025-01-17 |w 2019-11-15 |y BK |k ICR | ||